|
|
|
|
| LEADER |
00675nta a2200193 i 4500 |
| 001 |
dipl126899 |
| 005 |
20220715111426.0 |
| 008 |
220715s2021 hu om 0|| hun d |
| 040 |
|
|
|a SZTE Diploma Repozitórium
|b hun
|
| 041 |
|
|
|a hun
|
| 100 |
1 |
|
|a Ozsváth Enikő
|
| 245 |
1 |
0 |
|a Emberi kapcsolatok
|h [elektronikus dokumentum] /
|c Enikő Ozsváth
|
| 246 |
1 |
0 |
|a Human relationships
|h [elektronikus dokumentum]
|
| 260 |
|
|
|c 2021
|
| 650 |
|
4 |
|a Pedagógusképzés
|
| 650 |
|
4 |
|a Humanities
|
| 650 |
|
4 |
|a Arts (arts, history of arts, performing arts, music)
|
| 700 |
1 |
|
|a Marosi Katalin
|e ths
|
| 856 |
4 |
0 |
|u http://diploma.bibl.u-szeged.hu/id/eprint/126899/1/2021_ozsvath_eniko.pdf
|z Dokumentum-elérés
|